Semi-annual status report : August 1988-February 1989 /

Bibliographic Details
Main Author: Kirshner, Robert P.
Corporate Authors: Harvard College Observatory, United States. National Aeronautics and Space Administration
Format: Government Document eBook
Language:English
Published: Cambridge, MA : [Washington, D.C.] : Harvard College Observatory ; National Aeronautics and Space Administration, [1989]
Series:NASA contractor report ; NASA CR-184973.
Subjects:
Online Access:https://purl.fdlp.gov/GPO/gpo30660

MARC

Tag First Indicator Second Indicator Subfields
LEADER 00000cam a2200000Ia 4500
001 in00002783032
005 20211120170440.0
006 m o d f
007 cr bn|||||||||
008 121108s1989 maua obt f000 0 eng d
035 |a (OCoLC)ocn816509703 
040 |a GPO  |c GPO  |d GPO  |d MvI  |d UtOrBLW 
049 |a WWW 
074 |a 0830-H-14 (online) 
086 0 |a NAS 1.26:184973 
100 1 |a Kirshner, Robert P. 
245 1 0 |a Semi-annual status report :  |b August 1988-February 1989 /  |c Robert P. Kirshner, principal investigator. 
246 1 |i Title from NASA website:  |a IUE investigations of SN 1987A, semiannual status report 
264 1 |a Cambridge, MA :  |b Harvard College Observatory ;  |a [Washington, D.C.] :  |b National Aeronautics and Space Administration,  |c [1989] 
300 |a 1 online resource (2 unnumbered pages, 19 pages, 13 unnumbered pages) :  |b illustrations 
336 |a text  |b txt  |2 rdacontent 
337 |a computer  |b c  |2 rdamedia 
338 |a online resource  |b cr  |2 rdacarrier 
490 1 |a NASA contractor report ;  |v NASA-CR-184973] 
500 |a Title from title screen (viewed on Nov. 8, 2012). 
500 |a "May 4, 1989." 
504 |a Includes bibliographical references (pages 16-17). 
513 |a Semi-annual status report;  |b August 1988-February 1989. 
536 |a NASA grant  |c NAG 5-841 
500 |a Electronic resource. 
610 2 0 |a IUE (Artificial satellite) 
650 7 |a Astronomical spectroscopy.  |2 nasat 
650 7 |a Spaceborne astronomy.  |2 nasat 
650 7 |a Spectrophotometry.  |2 nasat 
650 7 |a Supernova 1987A.  |2 nasat 
650 7 |a Ultraviolet spectra.  |2 nasat 
710 2 |a Harvard College Observatory. 
710 1 |a United States.  |b National Aeronautics and Space Administration. 
776 0 8 |i Print version:  |a Kirshner, Robert P.  |t Semi-annual status report.  |w (OCoLC)816509723 
776 0 8 |i Microfiche:  |a Kirshner, Robert P.  |t Semi-annual status report.  |w (OCoLC)816509710 
830 0 |a NASA contractor report ;  |v NASA CR-184973. 
856 4 0 |u https://purl.fdlp.gov/GPO/gpo30660  |t 0 
999 |a MARS 
999 f f |s 617708e6-beb4-33b6-a971-72d19566e485  |i 06714ebd-101a-3ea2-b02a-98a3b861a433  |t 0 
952 f f |a Texas A&M University  |b College Station  |c Electronic Resources  |d Available Online  |t 0  |e NAS 1.26:184973  |h Superintendent of Documents classification 
998 f f |a NAS 1.26:184973  |t 0  |l Available Online